| 000 | 00635nam a22001457a 4500 | ||
|---|---|---|---|
| 008 | 090630t xxu||||| |||| 00| 0 eng d | ||
| 020 | _a0580333345 | ||
| 082 |
_222 _a624.177028 _bSTR |
||
| 245 |
_aStructural Design: _bPP 7312.Extracts from British Standards for students of structural design/ _cBritish Standards Institution |
||
| 260 |
_aLondon: _bBSI, _c2002 |
||
| 300 |
_a411p.; _c25 cm. |
||
| 650 |
_97251 _aStructural design _v-- Standards |
||
| 942 |
_2ddc _cBB |
||
| 999 |
_c12123 _d12123 |
||